000
00243nam a2200109Ia 4500
008
220204s9999 xx 000 0 und d
082
_a
82-3
_b
WAL
100
_a
Wallace, Irving
245
4
_a
The Man
260
_a
London
_b
Nel
_c
1970
942
_c
BK
999
_c
28775
_d
28775